000 00640nam a2200193Ia 4500
008 240729s9999 xx 000 0 und d
022 _a2310-2152
245 0 _aAfrica’s Public Service Delivery & Performance Review
260 _aSouth Africa
260 _bAOSIS
650 _a Communities. Classes. Races
650 _a Political institutions and public administration (General) | Social Sciences
650 _a Regional planning
650 _a Urban groups. The city. Urban sociology
650 _aPolitical science
856 _uhttps://doaj.org/toc/0e88aebdeb124ef29634bd5b42cedf6c
942 _2ddc
942 _cDOAJEJ
999 _c73674
_d73674
945 _a1
_bMadushi Gamage
_c1
_dMadushi Gamage